000 00859nab a2200205 i 4500
001 768714001
003 CO-MdFUSB
005 20230511112230.0
008 230511s1984 us ||||| |||| 00| 0 eng d
040 _bspa
_aCO-MdFUSB
_cCO-MdFUSB
_dCO-MdFUSB
041 _aeng
100 _aStafford, Tim,
_eautor
245 1 4 _aThe tightrope
_b: a case study in church discipline
_c/ Tim Stafford
300 _aVolumen 5, número 3 (Summer 1984), páginas 40 - 48
_c; 27 cm
520 _aUn relato real de la respuesta de un pastor al adulterio dentro de la iglesia. Se proporcionan cuatro pautas para afrontar un asunto disciplinario.
546 _aTexto en Inglés
650 0 _91206
_aDisciplina eclesiástica
773 0 _068780
_981969
_oR2469
_tLeadership :
_w(CO-MdFUSB)768714001
_gVolumen 5, número 3 (Summer 1984), páginas 40 - 48
_qpágina 40
942 _cANA
999 _c68890
_d68890